000 00495nam a22001697a 4500
005 20251108172646.0
008 250721s1998 xx 000 0 ara d
082 1 4 _a961.2/صلا
100 1 _aالصلابي، علي
_eمؤلف
245 1 0 _aالدولة العبيدية في ليبيا /
264 1 _aعمان :
_bدار البيارق،
_c1998.
300 _a250ص
650 1 7 _aتاريخ ليبيا
650 1 7 _aالتاريخ الإسلامي
942 _2ddc
_cBK
999 _c85214
_d85214